000 00303nam a2200133Ia 4500
008 230724s1999 xx und d
020 _a8123900783
041 _aeng
082 _a729
100 _aGHOSE D.N.
245 _aA BOOK OF HOME PLANS.
260 _bC.B.S PUBLISHERS
_c1999
300 _a229
999 _c1171463
_d1171463